LEADER 01677nam a2200361 a 4500 001 000000058590 003 CaOOAMICUS 005 20130315114025.0 008 010607r19811941it u000 u ita r 035 $a10891807 040 $aPUL$bita 041 1 $aita$hger 100 1 $aHegel, Georg Wilhelm Friedrich,$d1770-1831.$0(OLS)http://pul/name/6237 240 10$aVorlesungen über die Philosophie der Geschichte.$lItaliano.$0(OLS)http://pul/title/20021 245 10$aLezioni sulla filosofia della storia /$cG.W.F. Hegel ; traduzione da Guido Calogero e Corrado Fatta. 260 $aFirenze :$bLa Nuova Italia,$cŠ1981. 300 $a292 p. ;$c21 cm 490 1 $aStrumenti. Ristampe anastatiche ;$v63, 1 500 $aVarie ristampe: seleziona il numero dell'item per vedere la data di pubblicazione di ciascun volume. 650 4$aStoria$xFilosofia.$0(OLS)http://pul/subject/497 830 0$aStrumenti (La Nuova Italia editrice).$pRistampe anastatiche ;$v63, 1.$0(OLS)http://pul/title/15535 850 $aPUL 852 $aPUL$W1$xSL Filosofia 2$y80$mPhil D4 45f$j76526$nBK-PRI$b $qStampati altre collocazioni$B76526$CPULBib$Z2$F76526 $H $81 852 $aPUL$W1$xDP1 Fondo E. Rossi$y115$m1 H 16$j153144$qFondi$B152648$CPULBib$Z2$F152648 $82 941 1 $a10 941 1 $a1 960 $aFilosofia della storia$9497 961 $aINV: 52196 961 $aINV: Rist. anast. 1941 961 $aSul dorso collocazione ms. di E. Rossi: H 8 3 996 $6245$aLezioni sulla filosofia della storia$9(OLS)http://pul/title/20022 996 $6260$aFirenze :$bLa Nuova Italia$9(OLS)http://pul/publisher/48361 LEADER 01579nam a2200313 a 4500 001 000000125723 003 CaOOAMICUS 005 20110617095248.0 008 110617s2011 it u100 u ita r 020 $a978-88-514-0850-3 040 $aPUL$bita 082 04$a262 110 2 $aSessione di formazione ecumenica$n(47 :$d2010 :$cChianciano Terme, SI).$0(OLS)http://pul/name/79864 245 10$aSognare la comunione costruire il dialogo :$bcento anni di speranza ecumenica, atti della XLVII Sessione di formazione ecumenica, Chianciano Terme, 25-31 luglio 2010 /$cautori vari ; a cura del Segretariato Attivitā Ecumeniche. 260 $aMilano :$bĀncora,$cŠ2011. 300 $a383 p. ;$c21 cm. 490 1 $aPercorsi ecumenici 504 $aBibliografia in nota. 650 4$aEcumenismo$xCongressi.$0(OLS)http://pul/subject/2772 710 2 $aSegretariato attivitā ecumeniche.$0(OLS)http://pul/name/19871 830 0$aPercorsi ecumenici.$0(OLS)http://pul/title/93369 850 $aPUL 852 $aPUL$W1$xSL Religione 3$y85$m262 SATEC 1$j144829$qDDC 21$B143837$CPULBib$Z2$F143837 $H116694 $82 941 1 $a9 996 $6020$a978-88-514-0850-3$9(OLS)http://pul/number/147499 996 $6082$a262$9(OLS)http://pul/classification/438 996 $6245$aSognare la comunione costruire il dialogo :$bcento anni di speranza ecumenica, atti della XLVII Sessione di formazione ecumenica, Chianciano Terme, 25-31 luglio 2010$9(OLS)http://pul/title/158640 996 $6260$aMilano :$bĀncora$9(OLS)http://pul/publisher/53070